Países del mundo A-Z con letras A-Z - Estadísticas

Estadísticas generales
  • Esta prueba ha sido intentada 26.238 veces
  • La puntuación promedio es 260 de 335
Estadísticas de respuestas
Comienza con Contiene # posibilidades Ejemplo Respuesta % Correcto
A A 13 Afganistán
99%
A I 11 Afganistán
99%
A N 9 Afganistán
99%
B B 18 Bahamas
98%
A E 5 Alemania
97%
A L 5 Albania
97%
A R 9 Andorra
97%
B A 14 Bahamas
97%
B I 13 Baréin
97%
C A 16 Cabo Verde
97%
C C 18 Cabo Verde
97%
E A 12 Ecuador
97%
E E 13 Ecuador
97%
E N 7 Emiratos Árabes Unidos
97%
E S 9 El Salvador
97%
A T 6 Afganistán
96%
B L 7 Bangladés
96%
A G 5 Afganistán
95%
B R 10 Barbados
95%
E O 10 Ecuador
95%
F A 3 Filipinas
95%
F F 4 Filipinas
95%
F I 4 Filipinas
95%
F N 3 Filipinas
95%
I A 10 India
95%
I I 10 India
95%
M M 16 Macedonia del Norte
95%
P P 9 Países Bajos
95%
R A 8 República Centroafricana
95%
R R 9 Reino Unido
95%
R U 9 Reino Unido
95%
B S 8 Bahamas
94%
C I 8 Chile
94%
C O 10 Cabo Verde
94%
D A 2 Dinamarca
94%
D C 2 Dinamarca
94%
D D 2 Dinamarca
94%
D I 2 Dinamarca
94%
D M 2 Dinamarca
94%
D N 2 Dinamarca
94%
E I 10 Egipto
94%
E T 8 Egipto
94%
G A 11 Gabón
94%
G G 11 Gabón
94%
M A 14 Macedonia del Norte
94%
N N 8 Namibia
94%
P A 8 Países Bajos
94%
R I 8 Reino Unido
94%
S A 19 Samoa
94%
S S 20 Samoa
94%
B E 8 Bangladés
93%
C N 5 Camerún
93%
E M 2 Emiratos Árabes Unidos
93%
J A 46 Jamaica
93%
J J 139 Jamaica
93%
L L 9 Laos
93%
M O 9 Macedonia del Norte
93%
N A 7 Namibia
93%
S I 15 San Cristóbal y Nieves
93%
T T 12 Tailandia
93%
U A 4 Ucrania
93%
U U 4 Ucrania
93%
A B 4 Albania
92%
A S 4 Afganistán
92%
C D 7 Cabo Verde
92%
C E 8 Cabo Verde
92%
C R 10 Cabo Verde
92%
E P 3 Egipto
92%
I N 6 India
92%
K K 6 Kazajistán
92%
L A 6 Laos
92%
M I 11 Macedonia del Norte
92%
R N 7 Reino Unido
92%
T A 10 Tailandia
92%
B O 6 Barbados
91%
C L 6 Chile
91%
E U 5 Ecuador
91%
H A 3 Haití
91%
H H 3 Haití
91%
K A 5 Kazajistán
91%
K I 5 Kazajistán
91%
M C 6 Macedonia del Norte
91%
T I 8 Tailandia
91%
C M 5 Camboya
90%
D R 1 Dinamarca
90%
E D 5 Ecuador
90%
G E 6 Georgia
90%
I D 4 India
90%
I L 6 Irlanda
90%
L I 6 Letonia
90%
L O 5 Laos
90%
M E 5 Macedonia del Norte
90%
N R 5 Nauru
90%
P O 4 Países Bajos
90%
P U 4 Papua Nueva Guinea
90%
U N 3 Ucrania
90%
V A 3 Vanuatu
90%
V N 3 Vanuatu
90%
V V 3 Vanuatu
90%
A M 2 Alemania
89%
A U 4 Antigua y Barbuda
89%
B U 7 Bielorrusia
89%
C B 4 Cabo Verde
89%
G I 6 Gambia
89%
N E 5 Nepal
89%
N U 4 Nauru
89%
S E 9 San Cristóbal y Nieves
89%
S R 12 San Cristóbal y Nieves
89%
S U 8 Santa Lucía
89%
T N 9 Tailandia
89%
B N 10 Bangladés
88%
I S 5 Indonesia
88%
K N 3 Kazajistán
88%
M R 6 Macedonia del Norte
88%
N G 4 Nicaragua
88%
P R 3 Paraguay
88%
R D 5 Reino Unido
88%
Z A 2 Zambia
88%
Z B 2 Zambia
88%
Z I 2 Zambia
88%
Z M 2 Zambia
88%
Z Z 2 Zambia
88%
B G 4 Bangladés
87%
C H 4 Chad
87%
C U 4 Camerún
87%
G R 4 Georgia
87%
L N 4 Letonia
87%
M L 8 Macedonia del Norte
87%
P I 4 Países Bajos
87%
E R 5 Ecuador
86%
H N 2 Honduras
86%
H R 2 Honduras
86%
H U 2 Honduras
86%
J N 24 Japón
86%
J O 43 Japón
86%
L E 5 Lesoto
86%
L T 4 Lesoto
86%
M N 5 Macedonia del Norte
86%
O A 1 Omán
86%
O M 1 Omán
86%
O N 1 Omán
86%
O O 1 Omán
86%
P G 3 Papua Nueva Guinea
86%
P L 3 Palaos
86%
P N 4 Pakistán
86%
R E 6 Reino Unido
86%
S N 12 San Cristóbal y Nieves
86%
A D 3 Andorra
85%
C T 5 Catar
85%
F C 1 Francia
85%
F R 1 Francia
85%
G N 7 Gabón
85%
J I 28 Jamaica
85%
K T 4 Kazajistán
85%
N I 4 Namibia
85%
S C 7 San Cristóbal y Nieves
85%
T U 4 Túnez
85%
Y Y 2 Yemen
85%
I R 5 Irak
84%
R M 3 República Democrática del Congo
84%
R O 5 Reino Unido
84%
S L 9 San Cristóbal y Nieves
84%
U G 2 Uganda
84%
U I 2 Ucrania
84%
V E 2 Venezuela
84%
F L 2 Filipinas
83%
M U 5 Malaui
83%
P E 3 Países Bajos
83%
T R 4 Timor Oriental
83%
U R 2 Ucrania
83%
V U 2 Vanuatu
83%
K S 3 Kazajistán
82%
M S 4 Madagascar
82%
P S 3 Países Bajos
82%
Y E 1 Yemen
82%
Y M 1 Yemen
82%
Y N 1 Yemen
82%
C S 4 Comoras
81%
G U 5 Guatemala
81%
L B 4 Líbano
81%
L U 2 Lituania
81%
A O 2 Andorra
80%
M D 4 Macedonia del Norte
80%
R B 5 República Centroafricana
80%
R C 5 República Centroafricana
80%
R L 5 República Centroafricana
80%
R P 5 República Centroafricana
80%
S M 5 Samoa
80%
H I 2 Haití
79%
M G 3 Madagascar
79%
V T 2 Vanuatu
79%
A F 1 Afganistán
78%
A Y 2 Antigua y Barbuda
78%
S O 6 Samoa
78%
G O 3 Gabón
77%
L S 3 Laos
77%
M T 4 Macedonia del Norte
77%
R S 1 Rusia
77%
B C 2 Bélgica
76%
B V 2 Bolivia
76%
S D 4 San Vicente y las Granadinas
76%
F D 1 Finlandia
75%
G C 2 Grecia
75%
P T 2 Pakistán
75%
T L 3 Tailandia
75%
E C 2 Ecuador
74%
I E 2 Indonesia
74%
T O 4 Timor Oriental
74%
Z E 1 Zimbabue
74%
Z U 1 Zimbabue
74%
H D 1 Honduras
73%
H O 1 Honduras
73%
H S 1 Honduras
73%
J P 14 Japón
73%
T E 3 Timor Oriental
73%
A Z 1 Azerbaiyán
72%
B D 3 Bangladés
72%
E L 3 El Salvador
72%
E V 3 El Salvador
72%
N L 2 Nepal
72%
U B 1 Uzbekistán
72%
U E 1 Uzbekistán
72%
U K 1 Uzbekistán
72%
U S 1 Uzbekistán
72%
U T 1 Uzbekistán
72%
U Z 1 Uzbekistán
72%
V L 1 Venezuela
72%
V Z 1 Venezuela
72%
K U 2 Kirguistán
71%
G B 3 Gabón
70%
G M 2 Gambia
70%
K E 1 Kenia
70%
K J 1 Kazajistán
70%
K R 2 Kirguistán
70%
K Z 1 Kazajistán
70%
G L 2 Guatemala
69%
G T 2 Guatemala
69%
I O 2 Indonesia
69%
J C 9 Jamaica
69%
J M 14 Jamaica
69%
L R 2 Liberia
69%
T Z 2 Tanzania
69%
U Y 1 Uruguay
69%
B H 2 Bahamas
68%
B T 2 Botsuana
68%
S G 3 San Vicente y las Granadinas
68%
T D 2 Tailandia
68%
C V 2 Cabo Verde
67%
J D 17 Jordania
67%
J R 19 Jordania
67%
N O 1 Noruega
67%
S B 2 San Cristóbal y Nieves
67%
B M 2 Bahamas
66%
T G 3 Togo
66%
M X 1 México
65%
T Y 2 Tayikistán
65%
U D 1 Uganda
65%
R T 2 República Centroafricana
64%
T K 2 Tayikistán
64%
T S 2 Tayikistán
64%
U C 1 Ucrania
64%
V I 1 Vietnam
63%
V M 1 Vietnam
63%
Y B 1 Yibuti
62%
Y I 1 Yibuti
62%
Y T 1 Yibuti
62%
Y U 1 Yibuti
62%
P K 1 Pakistán
61%
T M 2 Timor Oriental
61%
H T 1 Haití
60%
N C 1 Nicaragua
60%
P Y 1 Paraguay
60%
S Y 4 San Cristóbal y Nieves
60%
T Q 1 Turquía
60%
H G 1 Hungría
59%
I T 1 Italia
59%
K G 1 Kirguistán
59%
L G 1 Luxemburgo
59%
L M 1 Luxemburgo
59%
L X 1 Luxemburgo
59%
N B 1 Namibia
59%
N M 1 Namibia
59%
S Z 1 Suiza
59%
M V 2 Maldivas
58%
N D 1 Nueva Zelanda
58%
N V 1 Nueva Zelanda
58%
N Z 1 Nueva Zelanda
58%
E G 1 Egipto
57%
F Y 1 Fiyi
57%
G H 1 Ghana
56%
G Y 1 Guyana
56%
S T 4 San Cristóbal y Nieves
56%
I K 1 Irak
55%
K W 1 Kuwait
55%
R G 2 República del Congo
55%
F P 1 Filipinas
54%
F S 1 Filipinas
54%
K B 1 Kiribati
54%
E Q 1 Eslovaquia
53%
L C 1 Liechtenstein
53%
L H 1 Liechtenstein
53%
T V 1 Tuvalu
53%
C Y 1 Camboya
52%
K O 1 Kosovo
52%
K V 1 Kosovo
52%
M B 1 Mozambique
52%
M Q 1 Mozambique
52%
M Z 1 Mozambique
52%
P B 1 Países Bajos
52%
P J 1 Países Bajos
52%
S P 2 Santo Tomé y Príncipe
52%
D O 1 Dominica
51%
N P 1 Nepal
51%
P M 1 Panamá
50%
B Y 1 Bosnia y Herzegovina
49%
B Z 1 Bosnia y Herzegovina
49%
I M 2 Islas Marshall
49%
S F 1 Sudáfrica
49%
E B 1 Emiratos Árabes Unidos
48%
C P 1 Chipre
47%
G D 1 Granada
47%
B F 1 Burkina Faso
46%
B K 1 Burkina Faso
46%
S V 2 San Cristóbal y Nieves
46%
T B 1 Trinidad y Tobago
45%
I H 1 Islas Marshall
44%
R H 1 República Checa
44%
T W 1 Taiwán
43%
G S 1 Guinea-Bissau
42%
S K 1 Sri Lanka
42%
E F 1 Estados Federados de Micronesia
40%
P V 1 Papua Nueva Guinea
40%
S H 1 Seychelles
39%
C F 1 Costa de Marfil
37%
R F 1 República Centroafricana
36%
No se encontraron pruebas coincidentes
Distribución de puntuación
Porcentaje de gente con cada puntuación
Porcentaje por número respondido
Historial de tus puntuaciones
No has intentado esta prueba.